[Event "CZE-chT2D 2223"]
[Site "Czech Republic"]
[Date "2023.01.08"]
[Round "6.8"]
[White "Mouryc, Tomas"]
[Black "Trasakova, Adela"]
[Result "1/2-1/2"]
[WhiteElo "1925"]
[BlackElo "1836"]
[PlyCount "85"]
[EventDate "2022.10.16"]
[EventType "team-tourn"]
[EventRounds "11"]
[EventCountry "CZE"]
[SourceTitle "EXT 2024"]
[Source "ChessBase"]
[SourceDate "2023.10.10"]
[SourceVersion "1"]
[SourceVersionDate "2023.10.10"]
[SourceQuality "1"]
[WhiteTeam "Jihlava Gambit"]
[BlackTeam "Polabiny IV"]
[WhiteTeamCountry "CZE"]
[BlackTeamCountry "CZE"]

1. d4 d5 2. Nf3 Nf6 3. g3 c5 4. Bg2 cxd4 5. 0-0 e6 6. Nxd4 e5 7. Nf3 Nc6 8. c4 d4 9. e3 Be7 10. exd4 exd4 11. b3 0-0 12. Bb2 Bc5 13. a3 a5 14. Nbd2 Bg4 15. h3 Bh5 16. Re1 Re8 17. Rxe8+ Qxe8 18. Qe1 Kf8 19. Qxe8+ Rxe8 20. Re1 Rxe1+ 21. Nxe1 Be2 22. Bf1 Bxf1 23. Kxf1 Ke7 24. Nd3 Kd6 25. Ke2 b6 26. f4 g6 27. Kf3 Ke6 28. g4 h6 29. Ne4 Nxe4 30. Kxe4 f5+ 31. gxf5+ gxf5+ 32. Kf3 Bd6 33. Ke2 Kf7 34. Bc1 Kg6 35. Ne1 Kh5 36. Nf3 Bb8 37. Kd3 Bc7 38. Bd2 Bd6 39. b4 axb4 40. axb4 Nxb4+ 41. Bxb4 Bxb4 42. Kxd4 Bd6 43. Ke3 1/2-1/2

[Event "CZE-chT2E 2122"]
[Site "Czech Republic"]
[Date "2021.11.07"]
[Round "2.8"]
[White "Mouryc, Tomas"]
[Black "Horsak, Jan"]
[Result "1-0"]
[WhiteElo "1947"]
[BlackElo "2060"]
[PlyCount "71"]
[EventDate "2021.10.17"]
[EventType "team-tourn"]
[EventRounds "11"]
[EventCountry "CZE"]
[SourceTitle "EXT 2024"]
[Source "ChessBase"]
[SourceDate "2023.10.10"]
[SourceVersion "1"]
[SourceVersionDate "2023.10.10"]
[SourceQuality "1"]
[WhiteTeam "Jihlava Gambit"]
[BlackTeam "Stare Mesto II"]
[WhiteTeamCountry "CZE"]
[BlackTeamCountry "CZE"]

1. d4 Nf6 2. Nf3 d6 3. g3 g6 4. Bg2 Bg7 5. 0-0 0-0 6. b3 c5 7. Bb2 Na6 8. c4 Bd7 9. Nc3 Qc8 10. e4 Bh3 11. e5 Bxg2 12. exf6 Bxf3 13. Qxf3 Bxf6 14. Nd5 Qf5 15. Qxf5 gxf5 16. Nxf6+ exf6 17. dxc5 Nxc5 18. Rad1 Rae8 19. Rxd6 Re2 20. Bd4 Ne4 21. Rd5 Rxa2 22. Ra1 Rxa1+ 23. Bxa1 Rc8 24. Rxf5 a6 25. Rd5 Kg7 26. Kg2 Nc5 27. b4 Nb3 28. Rg5+ Kf8 29. Bxf6 Nd2 30. c5 a5 31. Bg7+ Ke7 32. Re5+ Kd7 33. Rd5+ Kc6 34. Rxd2 axb4 35. Kf3 Kb5 36. Rd7 1-0

[Event "CZE-chT2D 1819"]
[Site "Czech Republic"]
[Date "2018.10.14"]
[Round "1.3"]
[White "Vymazal, Bronislav"]
[Black "Mouryc, Tomas"]
[Result "1-0"]
[WhiteElo "2330"]
[BlackElo "1949"]
[PlyCount "51"]
[EventDate "2018.10.14"]
[EventType "team-tourn"]
[EventRounds "11"]
[EventCountry "CZE"]
[SourceTitle "EXT 2022"]
[Source "ChessBase"]
[SourceDate "2021.10.06"]
[SourceVersion "1"]
[SourceVersionDate "2021.10.06"]
[SourceQuality "1"]
[WhiteTeam "Brno Moravska Slavia II"]
[BlackTeam "Dalesice Pivovar"]
[WhiteTeamCountry "CZE"]
[BlackTeamCountry "CZE"]

1. e4 d5 2. exd5 Qxd5 3. Nc3 Qa5 4. d4 Nf6 5. Bc4 c6 6. Nf3 Bf5 7. Bd2 e6 8. Qe2 Bb4 9. Bb3 Nbd7 10. a3 Bg4 11. h3 Bxc3 12. hxg4 Bxd2+ 13. Nxd2 h5 14. gxh5 Rxh5 15. 0-0-0 Rxh1 16. Rxh1 0-0-0 17. Nf3 Qf5 18. c3 g5 19. Bc2 Qg4 20. g3 Rg8 21. Kb1 c5 22. Rd1 cxd4 23. Rxd4 Qh3 24. Ne5 Qh1+ 25. Rd1 Qh5 26. Qc4+ 1-0

[Event "CZE-chT2C 1718"]
[Site "Czech Republic"]
[Date "2018.01.28"]
[Round "7.6"]
[White "Mouryc, Tomas"]
[Black "Staszko, Martin"]
[Result "0-1"]
[WhiteElo "1971"]
[BlackElo "2074"]
[PlyCount "86"]
[EventDate "2017.10.15"]
[EventType "team-tourn"]
[EventRounds "11"]
[EventCountry "CZE"]
[SourceTitle "EXT 2022"]
[Source "ChessBase"]
[SourceDate "2021.10.06"]
[SourceVersion "1"]
[SourceVersionDate "2021.10.06"]
[SourceQuality "1"]
[WhiteTeam "Jihlava Gambit"]
[BlackTeam "Praha Dukla"]
[WhiteTeamCountry "CZE"]
[BlackTeamCountry "CZE"]

1. c4 c5 2. Nf3 Nc6 3. Nc3 g6 4. g3 Bg7 5. Bg2 e5 6. d3 Nge7 7. 0-0 0-0 8. Ne1 d6 9. Nc2 Be6 10. Ne3 Rb8 11. Ned5 a6 12. a4 Nb4 13. Bg5 f6 14. Nxe7+ Qxe7 15. Bd2 f5 16. Qc1 Qd7 17. a5 Rbe8 18. Na4 Nc6 19. Nb6 Qc7 20. Rb1 e4 21. b4 Nd4 22. Qd1 exd3 23. exd3 cxb4 24. Bxb4 f4 25. Nd5 Qd7 26. Nxf4 Rxf4 27. gxf4 Bh3 28. Re1 Rxe1+ 29. Qxe1 Bxg2 30. Kxg2 Qg4+ 31. Kh1 Qf3+ 32. Kg1 Ne2+ 33. Kf1 Nxf4 34. Qe4 Qh3+ 35. Kg1 Qg4+ 36. Kh1 Be5 37. Rg1 Qh3 38. Bd2 Nxd3 39. Rg2 Nc5 40. Qd5+ Kg7 41. f4 Bf6 42. Qxd6 Ne4 43. Be1 Nxd6 0-1

[Event "CZE-chT2C 1718"]
[Site "Czech Republic"]
[Date "2018.01.14"]
[Round "6.7"]
[White "Mouryc, Tomas"]
[Black "Kratochvil, Jakub"]
[Result "1/2-1/2"]
[WhiteElo "1971"]
[BlackElo "2091"]
[PlyCount "38"]
[EventDate "2017.10.15"]
[EventType "team-tourn"]
[EventRounds "11"]
[EventCountry "CZE"]
[SourceTitle "EXT 2022"]
[Source "ChessBase"]
[SourceDate "2021.10.06"]
[SourceVersion "1"]
[SourceVersionDate "2021.10.06"]
[SourceQuality "1"]
[WhiteTeam "Jihlava Gambit"]
[BlackTeam "Pankrac II"]
[WhiteTeamCountry "CZE"]
[BlackTeamCountry "CZE"]

1. c4 Nf6 2. Nc3 g6 3. Nf3 Bg7 4. g3 0-0 5. Bg2 d6 6. d3 Nc6 7. 0-0 e5 8. Bg5 h6 9. Bxf6 Bxf6 10. Rb1 Be6 11. Ne1 Bg7 12. Nc2 Qd7 13. Ne3 Rab8 14. Ned5 Ne7 15. Nxe7+ Qxe7 16. b4 Qd7 17. a4 c6 18. e4 Bh3 19. Qe2 h5 1/2-1/2

[Event "CZE-chT2C 1718"]
[Site "Czech Republic"]
[Date "2017.11.19"]
[Round "3.5"]
[White "Hejda, Antonin"]
[Black "Mouryc, Tomas"]
[Result "1-0"]
[WhiteElo "2104"]
[BlackElo "1971"]
[PlyCount "63"]
[EventDate "2017.10.15"]
[EventType "team-tourn"]
[EventRounds "11"]
[EventCountry "CZE"]
[SourceTitle "EXT 2022"]
[Source "ChessBase"]
[SourceDate "2021.10.06"]
[SourceVersion "1"]
[SourceVersionDate "2021.10.06"]
[SourceQuality "1"]
[WhiteTeam "Praha Eurovia"]
[BlackTeam "Jihlava Gambit"]
[WhiteTeamCountry "CZE"]
[BlackTeamCountry "CZE"]

1. c4 e5 2. Nc3 Nc6 3. g3 d6 4. Bg2 g6 5. e3 Bg7 6. Nge2 f5 7. d3 Nf6 8. Qb3 0-0 9. Bd2 Qe7 10. Nd5 Qf7 11. Rc1 Nd8 12. Ba5 c6 13. Nxf6+ Bxf6 14. Bb4 Qc7 15. 0-0 Nf7 16. f4 exf4 17. Nxf4 Bd7 18. d4 Rae8 19. Rce1 Ng5 20. Qa3 Nf7 21. Bc3 b6 22. e4 Bg7 23. exf5 Bxf5 24. d5 c5 25. Ne6 Bxe6 26. dxe6 Ne5 27. Bd5 Qe7 28. Bxe5 Bxe5 29. Rf7 Qg5 30. Qxa7 b5 31. Rxf8+ Kxf8 32. Qf7# 1-0

[Event "CZE-chT2C 1718"]
[Site "Czech Republic"]
[Date "2017.10.15"]
[Round "1.7"]
[White "Koubova, Anna Marie"]
[Black "Mouryc, Tomas"]
[Result "0-1"]
[WhiteElo "1915"]
[BlackElo "1971"]
[PlyCount "116"]
[EventDate "2017.10.15"]
[EventType "team-tourn"]
[EventRounds "11"]
[EventCountry "CZE"]
[SourceTitle "EXT 2022"]
[Source "ChessBase"]
[SourceDate "2021.10.06"]
[SourceVersion "1"]
[SourceVersionDate "2021.10.06"]
[SourceQuality "1"]
[WhiteTeam "Unichess Vyletna"]
[BlackTeam "Jihlava Gambit"]
[WhiteTeamCountry "CZE"]
[BlackTeamCountry "CZE"]

1. d4 d5 2. Nf3 Nf6 3. g3 Bf5 4. c4 c6 5. Nc3 e6 6. Nh4 Be4 7. f3 Bg6 8. Qb3 b6 9. Nxg6 hxg6 10. e3 Bd6 11. Bg2 Rxh2 12. Kf2 Rxh1 13. Bxh1 Nbd7 14. Bd2 Qc7 15. f4 Rc8 16. Rc1 Qb8 17. Bf3 g5 18. Qa4 gxf4 19. gxf4 Ke7 20. b4 Qb7 21. b5 c5 22. cxd5 exd5 23. dxc5 Nxc5 24. Qd4 Nce4+ 25. Nxe4 dxe4 26. Rxc8 Qxc8 27. Bxe4 Qe6 28. Bb1 Qh3 29. Qb2 Qh2+ 30. Ke1 Qg1+ 31. Ke2 Ng4 32. Kd3 Qf1+ 33. Kc3 Nf6 34. Bd3 Qf3 35. Kb3 Qd1+ 36. Qc2 Qxc2+ 37. Bxc2 Bc5 38. e4 Ng4 39. a4 Be3 40. Bb4+ Kd7 41. f5 Bf4 42. a5 g5 43. fxg6 fxg6 44. Kc3 Bd6 45. Bxd6 Kxd6 46. axb6 axb6 47. Kd4 Ne5 48. Bd1 g5 49. Ke3 Kc5 50. Be2 Nc4+ 51. Kf3 Nd2+ 52. Ke3 Nb3 53. e5 Nd4 54. Bf3 Nxf3 55. Kxf3 Kd5 56. Kg4 Kxe5 57. Kxg5 Kd5 58. Kf4 Kc5 0-1

[Event "CZE-chT rap"]
[Site "Pardubice"]
[Date "2017.07.14"]
[Round "2.5"]
[White "Strebkovs, Andrejs"]
[Black "Mouryc, Tomas"]
[Result "1-0"]
[WhiteElo "2321"]
[BlackElo "1978"]
[PlyCount "61"]
[EventDate "2017.07.13"]
[EventType "team-swiss"]
[EventRounds "7"]
[EventCountry "CZE"]
[SourceTitle "EXT 2018"]
[Source "ChessBase"]
[SourceDate "2017.10.13"]
[SourceVersion "1"]
[SourceVersionDate "2017.10.13"]
[SourceQuality "1"]
[WhiteTeam "Tulachess"]
[BlackTeam "Ocelovy Mlaticky"]
[WhiteTeamCountry "CZE"]
[BlackTeamCountry "CZE"]

1. c4 e5 2. g3 Nc6 3. Bg2 g6 4. Nc3 Bg7 5. Rb1 b6 6. b4 Bb7 7. e3 Rb8 8. Nf3 f5 9. 0-0 e4 10. Ne1 Ne5 11. Qe2 Ne7 12. Bb2 0-0 13. f3 d5 14. cxd5 Nxd5 15. fxe4 Nxc3 16. Bxc3 fxe4 17. Rxf8+ Qxf8 18. Bxe5 Bxe5 19. Bxe4 Bxe4 20. Qc4+ Qf7 21. Qxe4 Qxa2 22. Nf3 Bg7 23. Rc1 Rf8 24. b5 Qb2 25. Qd5+ Kh8 26. Rxc7 Qa1+ 27. Kf2 Qf6 28. Rxa7 g5 29. g4 h5 30. h3 h4 31. Ra8 1-0

[Event "CZE-chT2D 1617"]
[Site "Czech Republic"]
[Date "2017.04.02"]
[Round "11.7"]
[White "Mouryc, Tomas"]
[Black "Ambroz, Antonin"]
[Result "1/2-1/2"]
[WhiteElo "1971"]
[BlackElo "1993"]
[PlyCount "21"]
[EventDate "2016.10.09"]
[EventType "team-tourn"]
[EventRounds "11"]
[EventCountry "CZE"]
[SourceTitle "EXT 2022"]
[Source "ChessBase"]
[SourceDate "2021.10.06"]
[SourceVersion "1"]
[SourceVersionDate "2021.10.06"]
[SourceQuality "1"]
[WhiteTeam "Jihlava Gambit"]
[BlackTeam "Lanskroun"]
[WhiteTeamCountry "CZE"]
[BlackTeamCountry "CZE"]

1. c4 Nf6 2. Nc3 g6 3. Nf3 Bg7 4. g3 0-0 5. Bg2 d6 6. 0-0 Nc6 7. d3 Bd7 8. Rb1 Qc8 9. Re1 a6 10. Bg5 Re8 11. Nd5 1/2-1/2

[Event "CZE-chT2E 1617"]
[Site "Czech Republic"]
[Date "2017.02.12"]
[Round "8.8"]
[White "Mouryc, Tomas"]
[Black "Vitula, Jan"]
[Result "0-1"]
[WhiteElo "1995"]
[BlackElo "1908"]
[PlyCount "170"]
[EventDate "2016.09.10"]
[EventType "team-tourn"]
[EventRounds "11"]
[EventCountry "CZE"]
[SourceTitle "EXT 2022"]
[Source "ChessBase"]
[SourceDate "2021.10.06"]
[SourceVersion "1"]
[SourceVersionDate "2021.10.06"]
[SourceQuality "1"]
[WhiteTeam "Vyskov"]
[BlackTeam "Kurim"]
[WhiteTeamCountry "CZE"]
[BlackTeamCountry "CZE"]

1. c4 g6 2. Nf3 Bg7 3. g3 b6 4. Bg2 Bb7 5. 0-0 c5 6. Nc3 Nf6 7. d4 cxd4 8. Qxd4 0-0 9. Qd3 d6 10. Be3 Nc6 11. Rac1 Qd7 12. h3 Rac8 13. b3 Rfd8 14. Kh2 Nb4 15. Qd2 Na6 16. Rfd1 Nc5 17. Bd4 Ne6 18. Be3 Bc6 19. Nd5 b5 20. Nxf6+ Bxf6 21. cxb5 Bxb5 22. Ne1 Ba6 23. Nd3 Bb7 24. Bxb7 Qxb7 25. Qa5 Bd4 26. Qd2 Rd7 27. Rxc8+ Qxc8 28. Rc1 Rc7 29. Rxc7 Qxc7 30. Qc1 Qa5 31. Bxd4 Nxd4 32. Qb2 e5 33. a3 Qd5 34. Nc1 f5 35. Qc3 f4 36. gxf4 exf4 37. Qc4 Qxc4 38. bxc4 Kf7 39. Kg2 Ke6 40. Nd3 g5 41. h4 Kf5 42. hxg5 Nxe2 43. c5 dxc5 44. Nxc5 Nd4 45. Nb7 Kxg5 46. Nd6 Kg4 47. Ne4 Kf5 48. Nd6+ Ke5 49. Nc8 a6 50. Nb6 Nc2 51. a4 Ne1+ 52. Kf1 Nd3 53. Nd7+ Kf5 54. Ke2 Nb4 55. Nc5 a5 56. Nb3 Nc6 57. Kf3 h6 58. Nd2 Ne5+ 59. Kg2 Kg4 60. f3+ Kf5 61. Ne4 Nc4 62. Nc5 Nd2 63. Nb7 Nb3 64. Nd6+ Ke6 65. Ne4 Ke5 66. Kh3 Kd4 67. Kg4 Ke3 68. Nf6 Nc5 69. Nd5+ Kd4 70. Nxf4 Nxa4 71. Ne2+ Ke5 72. Kh5 Nc5 73. Kxh6 Kf5 74. Kh5 a4 75. Nd4+ Kf4 76. Nb5 Kxf3 77. Kg5 Ke3 78. Kf5 Kd3 79. Ke5 Kc4 80. Na3+ Kb4 81. Nb1 Nb3 82. Kd5 Nd2 83. Nxd2 a3 84. Nc4 a2 85. Ne3 Kb3 0-1

[Event "CZE-chT2E 1516"]
[Site "Czech Republic"]
[Date "2016.01.24"]
[Round "6.8"]
[White "Londin, Simon"]
[Black "Mouryc, Tomas"]
[Result "0-1"]
[WhiteElo "1698"]
[BlackElo "1950"]
[PlyCount "138"]
[EventDate "2015.10.18"]
[EventType "team-tourn"]
[EventRounds "11"]
[EventCountry "CZE"]
[SourceTitle "EXT 2022"]
[Source "ChessBase"]
[SourceDate "2021.10.06"]
[SourceVersion "1"]
[SourceVersionDate "2021.10.06"]
[SourceQuality "1"]
[WhiteTeam "Prostejov"]
[BlackTeam "Jihlava Silko Gambit"]
[WhiteTeamCountry "CZE"]
[BlackTeamCountry "CZE"]

1. e4 c5 2. Nf3 e6 3. d4 cxd4 4. Nxd4 a6 5. Nc3 Qc7 6. Bd3 Nf6 7. 0-0 b5 8. Kh1 Bb7 9. a3 Bc5 10. Nb3 Be7 11. f4 d6 12. Qe2 Nbd7 13. Bd2 e5 14. f5 d5 15. exd5 Nxd5 16. Nxd5 Bxd5 17. Rae1 Bf6 18. Ba5 Qb7 19. Bb4 Be7 20. Na5 Qc7 21. Bxe7 Kxe7 22. Nb3 f6 23. Be4 Bxe4 24. Qxe4 Rac8 25. Rc1 Nb6 26. Rfd1 Rhd8 27. Rxd8 Rxd8 28. h3 Nc4 29. Qh4 h6 30. Qe4 Nxb2 31. Qb4+ Qd6 32. Nc5 Nc4 33. Nxa6 Qxb4 34. axb4 Ne3 35. g4 Rd4 36. c3 Rd1+ 37. Rxd1 Nxd1 38. Kg2 Nxc3 39. Kf3 Kd6 40. Ke3 Nd5+ 41. Ke4 Nf4 42. h4 h5 43. gxh5 Nxh5 44. Kf3 Nf4 45. Nc5 Ke7 46. Kg4 Nd5 47. Nd3 Ne3+ 48. Kh5 Nxf5 49. Kg4 Nd4 50. h5 f5+ 51. Kg3 Kf6 52. Kf2 f4 53. Kg2 Kf5 54. Kf2 e4 55. Nc5 e3+ 56. Kf1 f3 57. Nd3 Nc2 58. h6 gxh6 59. Kg1 Ke4 60. Nc5+ Kd4 61. Ne6+ Kd3 62. Nf4+ Kd2 63. Kh2 e2 64. Nxe2 fxe2 65. Kg2 e1Q 66. Kh2 Qe3 67. Kg2 Ne1+ 68. Kh2 Qf3 69. Kg1 Qg2# 0-1

[Event "CZE-chT2C 1415"]
[Site "Czech Republic"]
[Date "2015.03.15"]
[Round "9.8"]
[White "Stehlik, Jiri"]
[Black "Mouryc, Tomas"]
[Result "1/2-1/2"]
[WhiteElo "1895"]
[BlackElo "1971"]
[PlyCount "80"]
[EventDate "2014.11.02"]
[EventType "team-tourn"]
[EventRounds "11"]
[EventCountry "CZE"]
[SourceTitle "EXT 2022"]
[Source "ChessBase"]
[SourceDate "2021.10.06"]
[SourceVersion "1"]
[SourceVersionDate "2021.10.06"]
[SourceQuality "1"]
[WhiteTeam "Kolin"]
[BlackTeam "Jihlava Silko Gambit"]
[WhiteTeamCountry "CZE"]
[BlackTeamCountry "CZE"]

1. Nf3 d5 2. d4 Nf6 3. c4 c6 4. e3 g6 5. Nc3 Bg7 6. Bd3 0-0 7. 0-0 Nbd7 8. cxd5 cxd5 9. Qb3 e6 10. Bd2 Qb6 11. Qc2 Re8 12. Nb5 Rb8 13. a4 e5 14. a5 Qd8 15. dxe5 Nxe5 16. Nxe5 Rxe5 17. Qc7 Qxc7 18. Nxc7 Ne4 19. Bb4 Bf8 20. Bxf8 Kxf8 21. f4 Re7 22. Nxd5 Re8 23. Rfc1 Bf5 24. Ra4 Rbd8 25. Bxe4 Rxe4 26. Rxe4 Bxe4 27. Nc3 Bc6 28. Rc2 f5 29. Kf2 Ke7 30. g3 Rd6 31. Ke2 Bg2 32. Rc1 Ra6 33. b4 Rc6 34. Kd2 Rc4 35. Rb1 Kd7 36. Nb5 Be4 37. Rb2 a6 38. Nc3 Kc6 39. Nxe4 Rxe4 40. Rc2+ Kd7 1/2-1/2

[Event "CZE-chT2C 1415"]
[Site "Czech Republic"]
[Date "2014.11.02"]
[Round "1.8"]
[White "Dolezal, Radoslav1111"]
[Black "Mouryc, Tomas"]
[Result "1/2-1/2"]
[WhiteElo "1961"]
[BlackElo "1971"]
[PlyCount "25"]
[EventDate "2014.11.02"]
[EventType "team-tourn"]
[EventRounds "11"]
[EventCountry "CZE"]
[SourceTitle "EXT 2022"]
[Source "ChessBase"]
[SourceDate "2021.10.06"]
[SourceVersion "1"]
[SourceVersionDate "2021.10.06"]
[SourceQuality "1"]
[WhiteTeam "Ricany"]
[BlackTeam "Jihlava Silko Gambit"]
[WhiteTeamCountry "CZE"]
[BlackTeamCountry "CZE"]

1. e4 c5 2. c3 Qa5 3. Nf3 Nc6 4. Be2 Nf6 5. Qc2 g6 6. 0-0 Bg7 7. d4 0-0 8. d5 Nb8 9. Bf4 d6 10. Nbd2 Nbd7 11. Nc4 Qd8 12. a4 b6 13. h3 1/2-1/2

[Event "CZE-chT2C 1314"]
[Site "Czech Republic"]
[Date "2014.03.02"]
[Round "9.7"]
[White "Postupa, Martin"]
[Black "Mouryc, Tomas"]
[Result "1-0"]
[WhiteElo "2053"]
[BlackElo "1959"]
[PlyCount "89"]
[EventDate "2013.11.03"]
[EventType "team-tourn"]
[EventRounds "11"]
[EventCountry "CZE"]
[SourceTitle "EXT 2015"]
[Source "ChessBase"]
[SourceDate "2014.11.20"]
[SourceVersion "1"]
[SourceVersionDate "2014.11.20"]
[SourceQuality "1"]
[WhiteTeam "Lysa nad Labem III"]
[BlackTeam "Jihlava Gambit"]
[WhiteTeamCountry "CZE"]
[BlackTeamCountry "CZE"]

1. e4 d5 2. exd5 Qxd5 3. Nc3 Qa5 4. d4 Nf6 5. Nf3 c6 6. Bd2 Bf5 7. Bc4 e6 8. Qe2 Bb4 9. a3 Nbd7 10. Nh4 Bg6 11. Nxg6 hxg6 12. 0-0-0 Bxc3 13. Bxc3 Qg5+ 14. f4 Qxf4+ 15. Bd2 Qg4 16. Qf1 Nb6 17. Be2 Qf5 18. Qg1 Ne4 19. Be3 Qa5 20. Bd3 Nd6 21. Bd2 Qh5 22. g4 Qh4 23. Rf1 0-0-0 24. g5 Nf5 25. Rf4 Qh3 26. Bf1 Qh5 27. c4 Rhe8 28. Bd3 e5 29. Bxf5+ gxf5 30. dxe5 g6 31. Bc3 Qe2 32. Qe1 Qxe1+ 33. Rxe1 Kd7 34. Ba5 Rc8 35. Rd4+ Ke6 36. Rd6+ Ke7 37. Bxb6 axb6 38. Rf6 Rg8 39. e6 fxe6 40. Rexe6+ Kd7 41. Rxg6 Rcf8 42. Kd2 f4 43. h4 Rh8 44. Rh6 f3 45. Ke1 1-0

[Event "CZE-chT2C 1314"]
[Site "Czech Republic"]
[Date "2014.01.05"]
[Round "5.8"]
[White "Mouryc, Tomas"]
[Black "Haspl, Miroslav"]
[Result "1-0"]
[WhiteElo "1959"]
[BlackElo "2072"]
[PlyCount "71"]
[EventDate "2013.11.03"]
[EventType "team-tourn"]
[EventRounds "11"]
[EventCountry "CZE"]
[SourceTitle "EXT 2015"]
[Source "ChessBase"]
[SourceDate "2014.11.20"]
[SourceVersion "1"]
[SourceVersionDate "2014.11.20"]
[SourceQuality "1"]
[WhiteTeam "Jihlava Gambit"]
[BlackTeam "Vysehrad III"]
[WhiteTeamCountry "CZE"]
[BlackTeamCountry "CZE"]

1. e4 e6 2. d4 d5 3. e5 c5 4. c3 Qb6 5. Nf3 Bd7 6. Be2 Bb5 7. 0-0 Bxe2 8. Qxe2 cxd4 9. cxd4 Nc6 10. Be3 Nge7 11. Nc3 Nf5 12. Qd3 Be7 13. Nxd5 Qa5 14. Nxe7 Nfxe7 15. Ng5 Rd8 16. Qe4 Qd5 17. Rfd1 h6 18. Qxd5 Rxd5 19. Nf3 0-0 20. g4 Rfd8 21. Rd2 Kh7 22. Rad1 f5 23. exf6 gxf6 24. Kf1 f5 25. gxf5 Rxf5 26. Ne5 Nd5 27. Nxc6 bxc6 28. Ke2 Rdf8 29. Re1 Rf3 30. Kd1 Rh3 31. Rc2 Rc8 32. Bd2 Rxh2 33. Rxe6 Rf8 34. Rcxc6 Rfxf2 35. Rxh6+ Rxh6 36. Rxh6+ 1-0

[Event "Stare Mesto op"]
[Site "Stare Mesto"]
[Date "2011.08.13"]
[Round "2"]
[White "Mouryc, Tomas"]
[Black "Klima, Lukas"]
[Result "0-1"]
[WhiteElo "1997"]
[BlackElo "2349"]
[PlyCount "58"]
[EventDate "2011.08.12"]
[EventType "swiss"]
[EventRounds "10"]
[EventCountry "CZE"]
[SourceTitle "CBM 143 Extra"]
[Source "ChessBase"]
[SourceDate "2011.08.29"]
[SourceVersion "1"]
[SourceVersionDate "2011.08.29"]
[SourceQuality "1"]

1. e4 e6 2. d4 b6 3. Nf3 Bb7 4. Bd3 Nf6 5. Nc3 Bb4 6. Qe2 c5 7. Bd2 Bxc3 8. Bxc3 c4 9. Bxc4 Nxe4 10. Bb4 Ng5 11. d5 Nxf3+ 12. gxf3 b5 13. Bxb5 Bxd5 14. 0-0-0 Qg5+ 15. Kb1 Qf5 16. Rxd5 Qxd5 17. Rd1 Qb7 18. Qe5 Nc6 19. Qc5 Rc8 20. Bxc6 dxc6 21. Qd6 Qc7 22. Qc5 f6 23. f4 Kf7 24. f5 Rhe8 25. Ba5 Qe7 26. fxe6+ Qxe6 27. Qxa7+ Kg8 28. Rg1 Qf7 29. Qc5 Re5 0-1

[Event "Kouty nad Desnou op-A"]
[Site "Kouty nad Desnou"]
[Date "2011.03.17"]
[Round "7"]
[White "Mouryc, Tomas"]
[Black "Skalicky, Tomas"]
[Result "1-0"]
[WhiteElo "2000"]
[BlackElo "1848"]
[PlyCount "49"]
[EventDate "2011.03.12"]
[EventType "swiss"]
[EventRounds "9"]
[EventCountry "CZE"]
[SourceTitle "EXT 2014"]
[Source "ChessBase"]
[SourceDate "2013.11.20"]
[SourceVersion "1"]
[SourceVersionDate "2013.11.20"]
[SourceQuality "1"]

1. e4 e5 2. Nf3 Nc6 3. Bb5 a6 4. Bxc6 dxc6 5. 0-0 f6 6. d4 exd4 7. Qxd4 Qxd4 8. Nxd4 Bd7 9. Be3 0-0-0 10. Nc3 Bd6 11. Rad1 Ne7 12. f3 Rhe8 13. Nb3 b6 14. Rxd6 cxd6 15. Bxb6 Be6 16. Bxd8 Rxd8 17. Nd4 Bf7 18. Re1 Kd7 19. Kf2 Rb8 20. b3 d5 21. exd5 Nxd5 22. Nxd5 Bxd5 23. c4 c5 24. Nf5 Bg8 25. Re7+ 1-0

[Event "CZE-chT2D 1011"]
[Site "Czech Republic"]
[Date "2011.03.06"]
[Round "9"]
[White "Jelinek, Milan"]
[Black "Mouryc, Tomas"]
[Result "1-0"]
[WhiteElo "2072"]
[BlackElo "2000"]
[PlyCount "99"]
[EventDate "2010.10.17"]
[EventType "team-tourn"]
[EventRounds "11"]
[EventCountry "CZE"]
[SourceTitle "EXT 2012"]
[Source "ChessBase"]
[SourceDate "2011.11.24"]
[SourceVersion "1"]
[SourceVersionDate "2011.11.24"]
[SourceQuality "1"]
[WhiteTeam "Zajecice"]
[BlackTeam "Bedrichov"]
[WhiteTeamCountry "CZE"]
[BlackTeamCountry "CZE"]

1. e4 d5 2. exd5 Qxd5 3. Nc3 Qa5 4. d4 c6 5. Bc4 Nf6 6. Nge2 g6 7. 0-0 Bg7 8. d5 0-0 9. Bd2 Qc5 10. Bb3 cxd5 11. Be3 Qa5 12. Nxd5 Nc6 13. Nxf6+ Bxf6 14. c3 Rd8 15. Qb1 Ne5 16. Nd4 Ng4 17. Qe4 Qc7 18. Nf3 Bf5 19. Qf4 Qxf4 20. Bxf4 Bd3 21. Rfe1 e5 22. Nxe5 Nxe5 23. Bxe5 Bxe5 24. Rxe5 Rd7 25. Rae1 Kf8 26. Rd5 Rad8 27. Rxd7 Rxd7 28. f4 Bb5 29. Rd1 Re7 30. Rd2 Re4 31. g3 Re1+ 32. Kf2 Rf1+ 33. Ke3 Ke7 34. Bd5 b6 35. c4 Be8 36. Kd4 Re1 37. b4 Bd7 38. c5 Be6 39. cxb6 axb6 40. Bxe6 Rxe6 41. Kc4 h5 42. a4 h4 43. a5 bxa5 44. bxa5 hxg3 45. hxg3 Re3 46. Rd3 Re1 47. Ra3 Kd6 48. a6 Re8 49. a7 Ra8 50. Ra6+ 1-0